00297nam a2200121Ia 4500008004100000082001600041100001100057245002000068250000800088260004900096300001000145650002000155150201s2002 xx 000 0 und d a611bH2002F aFARUQI aHUMAN OSTEOLOGY a2ND bC.B.S PUBLISHERS & DISTRIBUTERSaDELHIc2002 a1-482 aHUMAN OSTEOLOGY